Construction equipment / (Record no. 159022)
[ view plain ]
| 000 -LEADER | |
|---|---|
| fixed length control field | 00793cam3a220024100 4500 |
| 001 - CONTROL NUMBER | |
| control field | lce01754728 |
| 008 - FIXED-LENGTH DATA ELEMENTS--GENERAL INFORMATION | |
| fixed length control field | 841220s1985 vaua 001 0 eng |
| 010 ## - LIBRARY OF CONGRESS CONTROL NUMBER | |
| LC control number | 84027713 |
| 020 ## - INTERNATIONAL STANDARD BOOK NUMBER | |
| Terms of availability | |
| -- | 8.95 |
| 035 ## - SYSTEM CONTROL NUMBER | |
| System control number | (Sirsi) r59736 |
| 035 ## - SYSTEM CONTROL NUMBER | |
| System control number | (DLC) 84027713 |
| 035 ## - SYSTEM CONTROL NUMBER | |
| System control number | (UPRA)lce01754728 |
| 040 ## - CATALOGING SOURCE | |
| Modifying agency | UPRA |
| 050 0# - LIBRARY OF CONGRESS CALL NUMBER | |
| Classification number | TH900 |
| Item number | .R69 1985 |
| 082 0# - DEWEY DECIMAL CLASSIFICATION NUMBER | |
| Classification number | 624.1/028 |
| Edition number | 19 |
| 100 1# - MAIN ENTRY--PERSONAL NAME | |
| Personal name | Russell, James E. (James Emmerson), 1940- |
| Fuller form of name | Russell, James E. (James Emmerson), 1940- |
| Dates associated with a name | Russell, James E. (James Emmerson), 1940- |
| Linkage | A19109.1 |
| 245 10 - TITLE STATEMENT | |
| Title | Construction equipment / |
| Statement of responsibility, etc. | James E. Russell. |
| 260 ## - PUBLICATION, DISTRIBUTION, ETC. | |
| Place of publication, distribution, etc. | Reston, VA : |
| Name of publisher, distributor, etc. | Reston Pub. Co., |
| Date of publication, distribution, etc. | c1985. |
| 500 ## - GENERAL NOTE | |
| General note | Includes index. |
| 650 #0 - SUBJECT ADDED ENTRY--TOPICAL TERM | |
| Topical term or geographic name entry element | Construction equipment. |
| Linkage | S13738.1 |
| 949 ## - LOCAL PROCESSING INFORMATION (OCLC) | |
| a | TH900 |
| w | lcc |
| i | -78397 |
| m | MAIN |
| t | BOOK |
| l | ON-SHELF |
No items available.